000 00770nam a2200229 i 4500
001 183035
003 ES-MaACL
005 20231029165955.0
008 140114s2013 sp a | |||||||| | spa d
020 _a978-84-940924-9-7
080 _a821.134.2-14"19"
080 _a913(460)(0:82)
100 1 _aCatunda, Márcio (
_d1957-)
_9154150
245 1 0 _aPaisajes y leyendas de España /
_cMárcio Catunda.
260 _aMadrid :
_bManuscritos,
_cD.L. 2013.
300 _a126 p. :
_bil. ;
_c23 cm.
651 4 _aEspaña-
_vPoesías.
_9154151
852 _aES-MaACL
_jA-12989
_9189968
_bR.149822
_cDEPO1
_dOlim: N-5989
_xDonación: Márcio Catunda
_zDedicatoria autógrafa del autor
903 _aMárcio Catunda
_ednr
942 _2udc
_cMONOGRAFIA
999 _c183035
_d183035